1117 1192 1863 1037 1595 1143 1059 1772 1062 1381 1387 1637 1134 1713 1523 1397 1008 1858 1255 1912 1654 1149 1972 1554 1749 1126 1275 1274 1439 1044 1987 1604 1030 1867 1356 1136 1833 1724 1205 1838 1213 1089 1728 1899 1351 1129 1385 1334 1194 1702 1978 1561 1123 1615 1563 1282 1416 1265 1737 1310 1108 1427 1171 1910 1961 1917 1448 1749 1762 1901 1816 1101 1555 1375 1530 1380 1124 1131 1568 1662 1652 1467 1054 1671 1580 1141 1755 1627 1608 1602 1688 1777 1790 1107 1949 1886 1347 1700 1568 BCNSPRNW ULIB Ver.6.0+V

เปลี่ยนเป็นภาษาไทย

Change to English
 แสดงรายละเอียดบรรณานุกรม
  กลับหน้าหลัก

Brief Record : Get Marc (ISO 2709) : E-mail record : QR code < ปิดหน้าต่าง
LEADER : 00000nam 2200000uu 4500
001    13399124224
003     ULIB
008    150204s2555||||th 000 0 tha d
020    ^a9786167322469
060  4 ^aWY163^bฐ331ก
100 0  ^aฐิติอาภา ตั้งค้าวานิช
245 10 ^aการพยาบาลผู้ป่วยที่ได้รับออกซิเจน. /^cฐิติอาภา ตั้งค้าวานิช
250    ^aพิมพ์ครั้งที่ 1.
260    ^aนนทบุรี :^bโครงการตำราคณะพยาบาลศาสตร์ มหาวิทยาลัยนเรศวร,^c2555.
300    ^a149 หน้า :^bภาพประกอบ
650  7 ^aทางเดินหายใจ^xโรค^xการพยาบาล
650  7 ^aปอด^xโรค^xการพยาบาล
650  7 ^aออกซิเจน
710 2  ^aมหาวิทยาลัยนเรศวร.^bโครงการตำราคณะพยาบาลศาสตร์
945    ^p0^l0^i22814
945    ^p0^l0^i22815
995    ^aทศพร
999    ^aทศพร เกษรทอง
รายการนี้ยังไม่มีแท็ก
คุณยังไม่ได้ล็อกอิน คุณสามารถมีกิจกรรมร่วมกับเว็บไซต์ได้ แต่ต้องล็อกอินก่อน ::
  ล็อกอิน

รายการสื่อสารสนเทศ

ลำดับที่ ประเภท เลขเรียก/บาร์โค้ด สถานที่ สถานะ
1. Book การพยาบาล
Book การพยาบาล
สถานะ=หนังสือเก่า
WY163 ฐ331ก ฉ.1 
  Barcode: 22814
ห้องสมุดวิทยาเขตนครสวรรค์
►ส่วนจัดเก็บหนังสือเก่า นว.
บนชั้น
  ขอยืม
2. Book การพยาบาล
Book การพยาบาล
สถานะ=หนังสือเก่า
WY163 ฐ331ก ฉ.2 
  Barcode: 22815
ห้องสมุดวิทยาเขตนครสวรรค์
►ส่วนจัดเก็บหนังสือเก่า นว.
บนชั้น
  ขอยืม

รายการใกล้เคียง
    ผู้แต่ง [ฐิติอาภา ตั้งค้าวานิช]

    หัวเรื่อง [ออกซิเจน]

BibComment


ยังไม่เคยถูกคอมเมนท์

คอมเมนท์ทรัพยากรรายการนี้
  คอมเมนท์: การพยาบาลผู้ป่วย..


 Copyright 2026. Bcnsprnw @Library